000 01942nam a2200553 i 4500
001 55844
003 KOSZ 005
005 20220408074255.0
008 080925s2008 pl a f f |001 0 pol
015 _aPB 2008/24903
020 _a9788301154769
035 _a(PL-WaBN)b22310885-48omnis_nlop
035 _ab22310885
035 _a(OCoLC)297601164
035 _a(PL)b0000022310885
040 _aWA N
_cWA N
_dKOSZ 005/HR
041 1 _apol
_heng
046 _k2005
080 _a579.61
080 _a(075.8)
100 1 _aIrving, William.
_eAutor
245 1 0 _aMikrobiologia medyczna /
_cWillian Irving, Tim Boswell, Dlawer Ala'Aldeen ; red. nauk. Eligia M. Szewczyk ; przekł. Eligia M. Szewczyk, Ewa Balcerczak, Antoni Różalski.
246 1 _iTyt. oryg.:
_aMedical microbiology,
_f2005
260 _aWarszawa :
_bWydawnictwo Naukowe PWN,
_c2008.
300 _aIX, [5], 411, [1] s. :
_bil. ;
_c24 cm.
336 _2rdacontent
_aTekst
_btxt
337 _2rdamedia
_aBez urządzenia pośredniczącego
_bn
338 _2rdacarrier
_aWolumin
_bnc
380 _aKsiążki
380 _aPublikacje dydaktyczne
385 _mPoziom nauczania
_aSzkoły wyższe
388 _a2001-
490 1 _aKrótkie Wykłady
504 _aIndeks.
658 _aMedycyna i zdrowie
658 _aBiologia
655 7 _aPodręczniki akademickie
_2DBN
650 7 _aMikrobiologia lekarska
_2DBN
700 1 _aAla'Aldeen, Dlawer A. A.
_eAutor
700 1 _aBalcerczak, Ewa.
_eTłumaczenie
700 1 _aBoswell, Tim.
_eAutor
700 1 _aRóżalski, Antoni
_d(1952- ).
_eTłumaczenie
710 2 _aWydawnictwo Naukowe PWN
_4pbl
700 1 _aSzewczyk, Eligia
_eRedakcja
856 _uhttp://koha.tu.koszalin.pl/cgi-bin/koha/opac-detail.pl?biblionumber=55844
_yKatalog online BPK
830 0 _aKrótkie Wykłady
942 _2UKD
_cKS
999 _c55844
_d55844